Ordeal in algerja / (Record no. 64927)
[ view plain ]
| 000 -LEADER | |
|---|---|
| fixed length control field | 00615nam a2200229 a 4500 |
| 001 - CONTROL NUMBER | |
| control field | 64927 |
| 003 - CONTROL NUMBER IDENTIFIER | |
| rucl marc code | BD-RjUL |
| 005 - DATE AND TIME OF LATEST TRANSACTION | |
| control field | 20211209081353.0 |
| 008 - FIXED-LENGTH DATA ELEMENTS--GENERAL INFORMATION | |
| fixed length control field | 170225s1960 e ||||| |||| 001 0 eng d |
| 035 ## - SYSTEM CONTROL NUMBER | |
| System control number | (BD-RjUL)65057 |
| 040 ## - CATALOGING SOURCE | |
| Original cataloging agency | BD-RjUL |
| Language of cataloging | eng |
| Transcribing agency | BD-RjUL |
| Modifying agency | BD-RjUL |
| 041 ## - LANGUAGE CODE | |
| Language code of text/sound track or separate title | eng |
| 082 ## - DEWEY DECIMAL CLASSIFICATION NUMBER | |
| Edition number | 23 |
| Classification number | 965 |
| Author mark and year | RIO 1960 |
| 100 ## - MAIN ENTRY--PERSONAL NAME | |
| Personal name | Richard |
| 9 (RLIN) | 192490 |
| 245 10 - TITLE STATEMENT | |
| Title | Ordeal in algerja / |
| Statement of responsibility, etc. | Richard and joan brace |
| 260 ## - PUBLICATION, DISTRIBUTION, ETC. (IMPRINT) | |
| Place of publication, distribution, etc. | London : |
| Name of publisher, distributor, etc. | D.van nostrand company, |
| Date of publication, distribution, etc. | c1960 |
| 300 ## - PHYSICAL DESCRIPTION | |
| Pagination | xi, 453 p. ; |
| Size | 24 cm. |
| 500 ## - GENERAL NOTE | |
| General note | Include index |
| 650 ## - SUBJECT ADDED ENTRY--TOPICAL TERM | |
| Topical term or geographic name as entry element | Algerja |
| 9 (RLIN) | 192491 |
| 700 ## - ADDED ENTRY--PERSONAL NAME | |
| Personal name | brace joan |
| 942 ## - ADDED ENTRY ELEMENTS (KOHA) | |
| Source of classification or shelving scheme | Dewey Decimal Classification |
| Koha item type | Books |
| Lost status | Source of classification or shelving scheme | Damaged status | Not for loan | Collection code | Permanent Location | Current Location | Shelving location | Date acquired | Source of acquisition | Cost, normal purchase price | Total Checkouts | Full call number | Date last seen | Copy number | Koha item type |
|---|---|---|---|---|---|---|---|---|---|---|---|---|---|---|---|
| Dewey Decimal Classification | Not For Loan | Non-fiction | Central Library, University of Rajshahi | Central Library, University of Rajshahi | Reading Room | 11/11/1963 | Zeitlinger | 52.06 | 965 RIO 1960 | 25/02/2017 | C-1 | Books |